Rosa Inter 2024-2025 - Statistics

Statistiche generali
  • Questo quiz è stato fatto 627 volte
    84 dall'ultimo reset
  • Il punteggio medio è 25 su 29
Statistiche sulle risposte
Ruolo N° Maglia Nazionalità Calciatore % Corretto
A 10 i Lautaro Martínez
100%
P 1 i Yann Sommer
100%
C 23 i Nicolò Barella
99%
D 95 i Alessandro Bastoni
96%
D 2 i Denzel Dumfries
96%
C 20 i Hakan Çalhanoğlu
96%
P 13 i Josep Martínez Riera
94%
A 9 i Marcus Thuram
94%
D 6 i Stefan de Vrij
94%
D 28 i Benjamin Pavard
93%
C 16 i Davide Frattesi
92%
D 15 i Francesco Acerbi
92%
D 31 i Yann-Aurel Bisseck
92%
D 32 i Federico Dimarco
90%
C 7 i Piotr Zieliński
90%
Allenatore - i Simone Inzaghi
90%
D 30 i Carlos Augusto Zopolato Neves
89%
A 8 i Marko Arnautović
89%
D 36 i Matteo Darmian
89%
P 12 i Raffaele Di Gennaro
88%
C 21 i Kristjan Asllani
86%
A 99 i Mehdi Taremi
86%
A 11 i Joaquín Correa
85%
C 8 i Petar Sučić
82%
C 22 i Henrikh Mkhitaryan
76%
C 11 i Luis Henrique
76%
D 42 i Tiago Tomás Palacios
71%
C 17 i Tajon Trevor Buchanan
69%
C 59 i Nicola Zalewski
22%
Nessun quiz corrispondente trovato
Distribuzione punteggi
Percentuale di utenti per punteggio
Percentile per numero di risposta
I tuoi punteggi nel tempo
Non hai fatto questo quiz dall'ultimo reset